00414nam a2200133Ia 4500008004100000041001200041082002100053100005700074245007900131250001300210260003100223300001700254440000900271240126s9999 xx 000 0 und d aEnglish a346.03 RAN;1 R aRanchhoddas, Ratanlal. Thakore, Dhirajlal keshavdal. 4aThe Law of torts : with exhaustive notes, comments and case-law references a21st ed. bWadhwa and companyaNagpur alxxviii, 706 aNULL